MDQL
is popping MORE tags! Check the
thread
!
Quizzes
Events
Quiz Creation
Community
Videos
Private Events
Remove Ads
Sign In
Join for FREE
Feedback
Dark Mode
Quiz Categories
Sports
Geography
Music
Movies
Television
Just For Fun
Miscellaneous
History
Literature
Language
Science
Gaming
Entertainment
Religion
Holiday
For Kids
Quiz Lab
Recent
Popular Today
Quiz Kudos Today
Editor Picks
Curator Picks
Quizzes by...
Day
Popularity
Type
Ratings
Length
Year
Community
Subscriptions
Recent Discussions
Orange Saloon
Badges
Playlists
Quests
Create
Leaderboards
Showdown
Live 5
Trivia Bingo
Activity
Puzzle Library
Sporcle Events
Private Events
Virtual Trivia
Globe League
Become a Host
Pub Owners
SporcleCon
Opinionation
Our Games
Videos
Blog
Mobile Apps
Partnerships
Remove Ads and Go Orange
Feedback
Geography
Country
Landmarks
City
State
Population
World
Capital
Continent
Flags
Europe
Africa
Asia
South America
North America
Oceania
Border
Canada
United Kingdom
Topography
United States
Geography
Country
Landmarks
City
State
Population
World
Capital
Continent
Flags
Europe
Africa
Asia
South America
North America
Oceania
Border
Canada
United Kingdom
Topography
United States
Random Quiz
Search Sporcle
×
Quiz Lab
Quiz Lab
Geography
Country
Type in answers that appear in a list
Type in answers that appear in a list
Classic
Best Score? Go Orange.
World Cities By Latitude and Longitude Stats
Can you name the World Cities By Latitude and Longitude Coordinates?
By
jimboburgess
10m
20 Questions
263 Plays
263 Plays
263 Plays
Comments
Comments
Give Quiz Kudos
Give Quiz Kudos
-
- Ratings
hide this ad
More Info
Random Order
Randomize order of answers
Randomize order of answers
Replay
Link that replays current quiz
Next Quiz
Link to next quiz in quiz playlist
You Got
0%
They Got
Avg Score
59%
Avg Friend Score
Upgrade to see
Score Distribution
Jump to the score distribution portion of the page
Score
0/20
Timer
10:00
0
Plays Today
Coordinates
City
% Correct
51deg 32' N, 0 deg 5' W
London
88.6%
48 deg 48' N, 2 deg 20' E
Paris
82.9%
35 deg 41′ N, 139 deg 41′ E
Tokyo
80.2%
39 deg 55' N, 116 deg 25' E
Beijing
76%
52 deg 30' N, 13 deg 25' E
Berlin
73%
6 deg 16' S, 106 deg 48' E
Jakarta
70.3%
19 deg 26' N, 99 deg 7' W
Mexico City
66.9%
34 deg 35' S, 58 deg 22' W
Buenos Aires
64.3%
12 deg 0' S, 77 deg 2' W
Lima
62.7%
33 deg 28' S, 70 deg 45' W
Santiago
60.1%
Coordinates
City
% Correct
47 deg 36′N, 122 deg 19′W
Seattle
58.9%
33 deg 55' S, 18 deg 22' E
Cape Town
57.4%
22 deg 20' N, 114 deg 11' E
Hong Kong
55.5%
59 deg 56' N, 30 deg 18' E
St. Petersburg
54.8%
28 deg 35' N, 77 deg 12' E
New Delhi
50.6%
25 deh 82' N, 80 deg 28' W
Miami
48.7%
34 deg 55' S, 138 deg 36' E
Adelaide
47.1%
51 deg 1' N, 114 deg 1' W
Calgary
45.2%
45 deg 26' N,12 deg 20' E
Venice
35.4%
35 deg 45' N, 51 deg 45' E
Teheran
18.6%
Quiz Playlist
Details
Report
Send in Message
Add To Playlist
More Info:
Major world cities by latitude and longitude.
Classic:
Type in answers that appear in a list
Random Order:
Randomize order of answers
Last Updated: Feb 16, 2017
Quiz Scoreboard
CHALLENGE
Sign Up to Join the Scoreboard
Show All
Scores
Hide
Comments
May contain spoilers
Recently Published
Two Season TV Shows II
by 123Four
Television
10m
Image Sorting: Flags VI
by Barbecue
Geography
2m
Find the 'City' Movie
by crazypaving
Movies
60s
More to Explore
Quiz From the Vault
Featured Blog Post
14 Easter Pick-up Lines to Find Eggs With
hide this ad
You Might Also Like...
Tags
City Quiz
Country Quiz
World Quiz
latitude
longitude
Today's Top Quizzes in Geography
Browse Geography
hide this ad
Today's Top Quizzes in Country
Browse Country
Top Contributed Quizzes in Geography
1
Colored Red Europe Blitz I
2
Countries of the World - No Outlines Minefield
3
Colored Red Africa Blitz II
4
Colored Red Europe Blitz II
5
Colored Red Europe Blitz III
6
Colored Red Africa Blitz III
7
Colored Red States Blitz I
8
Colored Red States Blitz II
9
Colored Red States Blitz III
10
A Different View: World Oceans
Explore More
Trending Topics
Kpop
Anime
Marvel
NBA
Disney
Crossword
Harry Potter
Song
Pokémon
Puzzle
Soccer
The Office
Country
WWE
NFL
hide this ad
More By:
jimboburgess
Quiz
Plays
Rating
Category
Featured
Created
Neighborhoods of New York City
1,495
1.75
Geography
Aug 5, 2010
List All of Michael Jackson's Songs
365
2.60
Music
Jun 25, 2010
World Cities By Latitude and Longitude
263
1.33
Geography
Aug 12, 2010
CBS Affiliates
56
1.50
Television
Apr 9, 2012
States named when the Gang Hits The Road
33
3.00
Television
Jul 20, 2010
Go to Creator's Profile
Score Distribution
Quiz Creator Spotlight
jimboburgess
Follow
Send a Message
Quizzes Created
-
Created Quiz Play Count
-
More By This Creator
Popular Quizzes Today
1
Find the US States - No Outlines Minefield
2
Colored Red Africa Blitz
3
Find the 'City' Movie
4
5x2 Blitz: Bands
5
The Countries of the World
6
Find the Countries of Europe - No Outlines Minefield
7
Find the US States
8
US States
More Geography Quizzes
Just the Blue: Europe
Published
Trending Quizzes
Colored Red Europe Blitz I
Colored Red Africa Blitz II
Colored Red Europe Blitz II
Colored Red Africa Blitz III
Colored Red Europe Blitz III
Recently Updated
How Do You Spell That?
pecheneg
Godzilla Movies
pecheneg
Grab Bag: 4-10 Letters
pecheneg
2024 March Madness Bracket
pecheneg
Famous TV Couples
Peacemaker
Champions League XIs: Real Madrid
pecheneg
Largest US Cities 1790-2010
pecheneg
Rides in Walt Disney World
pecheneg
Most Oscar Losses (Acting)
pecheneg
Beyoncé Albums
pecheneg
Trending Topics
Crossword
Marvel
NBA
Harry Potter
Anime
Kpop
Disney
Song
Soccer
NFL
WWE
The Office
Puzzle
Country
Pokémon
Your Account Isn't Verified!
In order to create a playlist on Sporcle, you need to verify the email address you used during registration. Go to your
Sporcle Settings
to finish the process.
Report this User
Report this user for behavior that violates our
Community Guidelines
.
Details:
Send Report
Go to the Sporcle.com Mobile Site →
Comments